Sports Quiz

Random Sports or NCAA Quiz

NCAA Men's Basketball Title Games Quiz Stats

 Plays Quiz Updated Oct 12, 2018

Challenge
Share
Tweet
Embed
Score 0/160 Timer 10:00
6 Plays Today
Year Team % Correct
1964Duke
98.5%
1978Duke
98.5%
1986Duke
98.5%
1990Duke
98.5%
1991Duke
98.5%
1992Duke
98.5%
1994Duke
98.5%
1999Duke
98.5%
2001Duke
98.5%
1946North Carolina
97.8%
1957North Carolina
97.8%
1968North Carolina
97.8%
1977North Carolina
97.8%
1981North Carolina
97.8%
1982North Carolina
97.8%
1993North Carolina
97.8%
2005North Carolina
97.8%
2009North Carolina
97.8%
2015Duke
97.2%
2016North Carolina
96.4%
2010Duke
96.2%
2012Kentucky
96.1%
2017North Carolina
96%
1948Kentucky
95.4%
1949Kentucky
95.4%
1951Kentucky
95.4%
1958Kentucky
95.4%
1966Kentucky
95.4%
1975Kentucky
95.4%
1978Kentucky
95.4%
1996Kentucky
95.4%
1997Kentucky
95.4%
1998Kentucky
95.4%
1965Michigan
95.4%
1976Michigan
95.4%
1989Michigan
95.4%
1992Michigan
95.4%
1993Michigan
95.4%
2014Kentucky
95.4%
1964UCLA
95.2%
1965UCLA
95.2%
1967UCLA
95.2%
1968UCLA
95.2%
1969UCLA
95.2%
1970UCLA
95.2%
1971UCLA
95.2%
1972UCLA
95.2%
1973UCLA
95.2%
1975UCLA
95.2%
1980UCLA
95.2%
1995UCLA
95.2%
2006UCLA
95.2%
2018Michigan
94.9%
1940Kansas
94.8%
Year Team % Correct
1952Kansas
94.8%
1953Kansas
94.8%
1957Kansas
94.8%
1988Kansas
94.8%
1991Kansas
94.8%
2003Kansas
94.8%
2008Kansas
94.8%
2012Kansas
94%
2013Michigan
94%
2000Florida
94%
2006Florida
94%
2007Florida
94%
1979Michigan State
93.3%
2000Michigan State
93.3%
2009Michigan State
93.3%
2018Villanova
92.6%
2016Villanova
91.2%
1999Connecticut
91.1%
2004Connecticut
91.1%
2007Ohio State
89.6%
1939Ohio State
89.5%
1960Ohio State
89.5%
1961Ohio State
89.5%
1962Ohio State
89.5%
1940Indiana
89.1%
1953Indiana
89.1%
1976Indiana
89.1%
1981Indiana
89.1%
1987Indiana
89.1%
2002Indiana
89.1%
2010Butler
88.7%
2014Connecticut
87.7%
2015Wisconsin
86.7%
1987Syracuse
86.2%
1996Syracuse
86.2%
2003Syracuse
86.2%
2013Louisville
85.6%
1997Arizona
82.9%
2001Arizona
82.9%
2017Gonzaga
81.6%
1943Georgetown
81.2%
1982Georgetown
81.2%
1984Georgetown
81.2%
1985Georgetown
81.2%
2005Illinois
79.2%
1947Oklahoma
79.1%
1988Oklahoma
79.1%
1974North Carolina State
79.1%
1983North Carolina State
79.1%
1971Villanova
78.3%
1985Villanova
78.3%
1973Memphis
77.7%
2008Memphis
77.7%
1990UNLV
77.7%
Year Team % Correct
1980Louisville
76.7%
1986Louisville
76.7%
1939Oregon
74.8%
2002Maryland
74.4%
1941Wisconsin
72.9%
2004Georgia Tech
69.2%
1994Arkansas
69%
1995Arkansas
69%
1945Oklahoma A&M
67.3%
1946Oklahoma A&M
67.3%
1949Oklahoma State
67.3%
1972Florida State
66.3%
1959California
66%
1960California
66%
1979Indiana State
64.3%
1951Kansas State
63%
1944Utah
61.6%
1998Utah
61.6%
1983Houston
61.3%
1984Houston
61.3%
1956Iowa
59.9%
1942Stanford
59.1%
1969Purdue
57.3%
1974Marquette
57%
1977Marquette
57%
1941Washington State
56.2%
2011Connecticut
55.3%
1961Cincinnati
55.1%
1962Cincinnati
55.1%
1963Cincinnati
55.1%
1952St. John's
54.9%
2011Butler
53.5%
1959West Virginia
52.5%
1966Texas Western
52.2%
1955San Francisco
47.7%
1956San Francisco
47.7%
1989Seton Hall
45.8%
1948Baylor
41%
1945New York
29.9%
1943Wyoming
27.6%
1963Loyola
27.5%
1950City College of New York
26.3%
1954La Salle
23.4%
1955La Salle
23.4%
1947Holy Cross
22.4%
1967Dayton
20.1%
1942Dartmouth
19.4%
1944Dartmouth
19.4%
1970Jacksonville
16.6%
1950Bradley
15.3%
1954Bradley
15.3%
1958Seattle
14.1%

You're not logged in!

Compare scores with friends on all Sporcle quizzes.
Join for Free
OR
Log In

You Might Also Like...

Show Comments

Extras

Top Quizzes Today


Score Distribution

Your Account Isn't Verified!

In order to create a playlist on Sporcle, you need to verify the email address you used during registration. Go to your Sporcle Settings to finish the process.

Report this User

Report this user for behavior that violates our Community Guidelines.

Details: